Designing with color : (Record no. 353990)

000 -LEADER
fixed length control field 01470nam a2200277 a 4500
001 - CONTROL NUMBER
control field ASIN1563678594
003 - CONTROL NUMBER IDENTIFIER
control field OSt
005 - DATE AND TIME OF LATEST TRANSACTION
control field 20180116192423.0
008 - FIXED-LENGTH DATA ELEMENTS--GENERAL INFORMATION
fixed length control field 140715s2010 xxu eng d
020 ## - INTERNATIONAL STANDARD BOOK NUMBER
International Standard Book Number 1563678594 (paperback)
Terms of availability $105.00
020 ## - INTERNATIONAL STANDARD BOOK NUMBER
International Standard Book Number 9781563678592 (paperback)
040 ## - CATALOGING SOURCE
Transcribing agency sada
050 04 - LIBRARY OF CONGRESS CALL NUMBER
Classification number NK1548
082 04 - DEWEY DECIMAL CLASSIFICATION NUMBER
Classification number 701.85
100 1# - MAIN ENTRY--PERSONAL NAME
Personal name Dorosz, Chris.
9 (RLIN) 7689
245 10 - TITLE STATEMENT
Title Designing with color :
Remainder of title concepts and applications /
Statement of responsibility, etc. Chris Dorosz, J.R. Watson.
250 ## - EDITION STATEMENT
Edition statement 1st ed.
260 ## - PUBLICATION, DISTRIBUTION, ETC.
Place of publication, distribution, etc. [S.l.] :
Name of publisher, distributor, etc. Fairchild Books,
Date of publication, distribution, etc. 2011.
300 ## - PHYSICAL DESCRIPTION
Extent 384 p. ;
Dimensions 28 cm.
520 ## - SUMMARY, ETC.
Summary, etc. This textbook/workbook trains students’ eyes to develop a visual understanding of color and the principles of design through guided observation and engaging activities. Lavishly illustrated with full-color graphics and photos, the book demonstrates how color and other design elements are combined in nature and the visual arts. Part One presents color, the most immediately noticeable element of design. Part Two integrates color with the other design elements and shows how they interact according to the principles of design. Students can apply their learning by completing a series of activities and record their work with photos for future reference.
650 #0 - SUBJECT ADDED ENTRY--TOPICAL TERM
Topical term or geographic name entry element Color
9 (RLIN) 7690
650 #0 - SUBJECT ADDED ENTRY--TOPICAL TERM
Topical term or geographic name entry element Color in design
9 (RLIN) 7691
700 1# - ADDED ENTRY--PERSONAL NAME
Personal name Watson, J.R.
9 (RLIN) 7692
856 40 - ELECTRONIC LOCATION AND ACCESS
Materials specified Amazon.com
Uniform Resource Identifier <a href="http://www.amazon.com/exec/obidos/ASIN/1563678594/chopaconline-20">http://www.amazon.com/exec/obidos/ASIN/1563678594/chopaconline-20</a>
942 ## - ADDED ENTRY ELEMENTS (KOHA)
Source of classification or shelving scheme
Koha item type Book
Holdings
Withdrawn status Lost status Source of classification or shelving scheme Damaged status Not for loan Permanent Location Current Location Date acquired Total Checkouts Total Renewals Full call number Barcode Date last seen Date last checked out Cost, replacement price Price effective from Koha item type
          School of Art Design and Architecture (SADA) School of Art Design and Architecture (SADA) 07/15/2014 1 1 701.85 DOR 2011 SADA0002357 11/19/2014 09/18/2014 8160.40 07/15/2014 Book
© 2023 Central Library, National University of Sciences and Technology. All Rights Reserved.